[Event "GER-chT U16"]
[Site "Darmstadt"]
[Date "2022.12.30"]
[Round "7"]
[White "Tang, Shunjie Roger"]
[Black "Orlowski, Arthur"]
[Result "0-1"]
[WhiteElo "1217"]
[BlackElo "1764"]
[PlyCount "58"]
[EventDate "2022.12.26"]
[EventType "team-swiss"]
[EventRounds "7"]
[EventCountry "GER"]
[SourceTitle "CBM 212 Extra"]
[Source "ChessBase"]
[SourceDate "2023.03.31"]
[SourceVersion "1"]
[SourceVersionDate "2023.03.31"]
[SourceQuality "1"]
[WhiteTeam "Neureut"]
[BlackTeam "Lichtenberg Borussia"]
[WhiteTeamCountry "GER"]
[BlackTeamCountry "GER"]

1. d4 Nf6 2. Nf3 d5 3. Bf4 e6 4. e3 c5 5. c4 Nc6 6. Nc3 a6 7. a4 Be7 8. Be2 0-0 9. 0-0 b6 10. b3 Bb7 11. Rc1 Rc8 12. Ne5 dxc4 13. Bxc4 Na5 14. Be2 cxd4 15. exd4 Nd5 16. Bd2 Ba3 17. Rc2 Nb4 18. Bd3 Qxd4 19. Nb1 Qxe5 20. Bc3 Qg5 21. f3 Nxc2 22. Qxc2 Bb4 23. Kh1 Qc5 24. Rc1 Bxc3 25. Nxc3 Rc7 26. Ne4 Qxc2 27. Rxc2 Rxc2 28. Bxc2 Rc8 29. Bd1 Bxe4 0-1